MARC

LEADER 00000nam a2200000 a 4500
001 UCJ3150
003 CL-VaPUC
005 20250103100113.0
008 070124e19050000CL |||||||||||||||||spa|d
999 |c 319272  |d 319270 
040 |c Pontificia Universidad Católica de Valparaíso 
082 0 4 |a 983  |b YÑI  |2 21 
100 0 |a Yñiguez Vicuña, Antonio  |e author  |9 504672 
245 1 0 |a Historia del período revolucionario en Chile. 1848, 1851 
250 |a 1a. ed 
260 |a Santiago  |b Imprenta del Comercio  |c 1905 
300 |a 518 p 
583 |a last modification  |c 20070124 00:00:00  |k Rodrigo Vera 
600 0 7 |a BARTON, SETH  |2 CL-VaPUC  |9 504673 
600 0 7 |a ASTABURUAGA, ISABEL  |2 CL-VaPUC  |9 504674 
600 0 |a Bulnes Prieto, Manuel   |9 504675 
600 0 7 |a VIAL FORMAS, MANUEL CAMILO  |2 CL-VaPUC  |9 504676 
600 0 7 |a SANFUENTES TORRES, SALVADOR  |2 CL-VaPUC  |9 504677 
600 0 7 |a PALAZUELOS ASTABURUAGA, PEDRO  |2 CL-VaPUC  |9 504678 
600 0 7 |a BARRA LOPEZ, MIGUEL DE LA  |2 CL-VaPUC  |9 504679 
600 0 7 |a BELLO, ANDRES  |2 CL-VaPUC  |9 504680 
600 0 7 |a VALLEJO, JOSE JOAQUIN  |2 CL-VaPUC  |9 420325 
600 0 7 |a BLANCO CUARTIN, MANUEL  |2 CL-VaPUC  |9 504681 
600 0 7 |a PEREZ MASCAYANO, JOSE JOAQUIN  |2 CL-VaPUC  |9 504682 
600 0 7 |a TOCORNAL GREZ, MANUEL ANTONIO  |2 CL-VaPUC  |9 504683 
600 0 7 |a GONZALEZ IBIETA, MARCIAL  |2 CL-VaPUC  |9 504684 
600 0 7 |a BELLO DUNN, JUAN  |2 CL-VaPUC  |9 504685 
600 0 7 |a TAFORO, FRANCISCO DE PAULA  |2 CL-VaPUC  |9 393510 
600 0 7 |a SANFUENTES TORRES, VICENTE  |2 CL-VaPUC  |9 504686 
600 0 |a Errázuriz Zañartu, Federico   |9 268289 
600 0 7 |a GARCIA REYES, ANTONIO  |2 CL-VaPUC  |9 315176 
600 0 |a Lastarria, José Victorino  |d 1817-1888  |9 860079 
650 0 |a Revoluciones  |9 255713 
650 0 |a Partidos políticos  |9 254999 
650 0 |a Presidentes de Chile  |9 268293 
650 0 |a Colonización  |9 265172 
650 7 |a FRANCESES  |2 CL-VaPUC  |9 445469 
650 0 |a Iconografía   |9 267998 
650 0 |a Diplomacia Chilena  |9 447165 
650 0 |a Literatura  |9 259151 
650 7 |a FILANTROPOS  |2 CL-VaPUC  |9 504687 
650 0 |a Emigración  |9 343094 
650 0 |a Oradores  |9 439350 
650 0 |a Iglesia Católica y Estado  |9 257443 
651 7 |a CHILE  |2 CL-VaPUC  |9 504688 
651 7 |a CALIFORNIA  |2 CL-VaPUC  |9 264797 
852 |a BIBCUR 
942 |c BK  |2 ddc 
945 |d 20070124 00:00:00  |a rinostro 
952 |0 0  |1 0  |4 0  |6 983_000000000000000_YÑI_1905  |7 0  |8 X  |9 397551  |a FDOBUD  |b FDOBUD  |d 2019-11-22  |i 1007106  |o 983 YÑI 1905  |p 1007106  |r 2019-11-22  |w 2019-11-22  |y BK_X  |k BUD